[Event "Tournoi n27235"]
[Site "www.echecsemail.com"]
[Date "2026.01.03"]
[Round "1"]
[White "Alain64"]
[Black "Berniz"]
[WhiteElo "2100"]
[BlackElo "2170"]
[Result "0-1"]
1.b3 e5
2.Bc1b2 d6
3.c4 f5
4.d4 e4
5.d5 Ng8f6
6.e3 Bf8e7
7.Ng1e2 O-O
8.h4 a5
9.Nb1c3 Nb8a6
10.Ne2f4 Bc8d7
11.Bf1e2 Na6c5
12.Qd1c2 Qd8e8
13.O-O-O c6
14.f3 exf3
15.Be2xf3 Nf6g4
16.Bf3xg4 fxg4
17.g3 Qe8f7
18.e4 g5
19.hxg5 Be7xg5
20.Nc3e2 Ra8e8
21.dxc6 Bd7xc6
22.Qc2c3 Bg5f6
23.Qc3xf6 Qf7xf6
24.Bb2xf6 Rf8xf6
25.Nf4h5 Rf6f2
26.Ne2f4 Nc5xe4
27.Rd1e1 Kf7
28.Rh1f1 Rf2xf1
29.Re1xf1 Ke7
30.Nf4d5 Bc6xd5
31.cxd5 Kd8
32.Nh5g7 Re8e5
33.Rf1f7 Ne4xg3
34.Ng7e6 Kc8
35.Rf7xh7 Re5xd5
36.Rh7g7 Ng3e2
37.Kc2 g3
38.a3 Rd5e5
39.Ne6f8 Ne2d4
40.Kd3 Nd4f5
41.Rg7g5 Re5e3
42.Kd2 Re3xb3
43.Rg5xf5 Rb3xa3
44.Rf5g5 g2
45.Ke1 Ra3f3
46.Rg5xg2 Rf3xf8
47.Kd2 Kc7
48.Kc2 b5
49.Kb2 Rf8f3
{ abandon }0-1

[Event "Coupe Niveau 4"]
[Site "www.echecsemail.com"]
[Date "2026.01.03"]
[Round "1"]
[White "Senegaulois"]
[Black "Tahar"]
[WhiteElo "1910"]
[BlackElo "1990"]
[Result "0-1"]
1.e4 e5
2.Ng1f3 Nb8c6
3.Bf1c4 Bf8e7
4.c3 Ng8f6
5.O-O O-O
6.d3 d5
7.exd5 Nf6xd5
8.h3 a5
9.a4 Nd5f6
10.Bc1e3 h6
11.Nb1d2 Rf8e8
12.Qd1c2 Be7d6
13.Ra1d1 Bc8e6
14.Bc4b3 Qd8c8
15.Nd2c4 Bd6e7
16.Nc4xe5 Nc6xe5
17.Nf3xe5 Be7d8
18.d4 c6
19.Bb3xe6 Re8xe6
20.b4 Bd8c7
21.Ne5f3 Qc8e8
22.Qc2b3 Nf6d5
23.Rd1e1 Nd5xe3
24.fxe3 Re6xe3
25.Kh1 Kh7
26.Re1xe3 Qe8xe3
27.Qb3xf7 Qe3f4
28.Nf3e5 Qf4xf7
29.Ne5xf7 axb4
30.cxb4 Ra8xa4
31.Rf1b1 Kg8
32.Nf7e5 Bc7xe5
33.dxe5 Kf7
34.b5 c5
35.b6 Ra4e4
{ abandon }0-1

[Event "Tournoi n27342"]
[Site "www.echecsemail.com"]
[Date "2026.01.03"]
[Round "1"]
[White "Albescab"]
[Black "Aramis"]
[WhiteElo "1680"]
[BlackElo "1560"]
[Result "1-0"]
1.d4 d5
2.e3 Ng8f6
3.Nb1c3 e6
4.Ng1f3 Bf8b4
5.Bc1d2 a6
6.Bf1d3 Bb4xc3
7.Bd2xc3 O-O
8.Nf3e5 Nb8d7
9.O-O Nd7xe5
10.dxe5 Nf6d7
11.Qd1h5 g6
12.Qh5g4 c6
13.f4 Nd7c5
14.Bd3e2 Nc5e4
15.Bc3b4 c5
16.Bb4a3 b6
17.Be2d3 f5
18.Qg4f3 Bc8b7
19.Bd3xe4 dxe4
20.Ra1d1 Bb7d5
21.Qf3h3 Rf8f7
22.c4 Rf7d7
23.cxd5 Rd7xd5
24.Rd1c1 Ra8a7
25.b3 a5
26.Ba3b2 b5
27.g3 Rd5d2
28.Rc1b1 Ra7d7
29.Rf1c1 c4
30.bxc4 bxc4
31.Qh3f1 Qd8b6
32.Bb2d4 Qb6a6
33.a4 Rd2a2
34.Rc1xc4 Ra2d2
35.Rb1c1 Rd7d8
36.Rc4c7 Qa6a8
37.Qf1h3 h5
38.Qh3h4 Rd8f8
39.Qh4g5 Rd2b2
40.Qg5h6 Rf8f7
41.Qh6xg6 Kf8
42.Qg6xf7 1-0

[Event "Coupe Niveau 3"]
[Site "www.echecsemail.com"]
[Date "2026.01.03"]
[Round "1"]
[White "Elghribi"]
[Black "Panchoa"]
[WhiteElo "1910"]
[BlackElo "1580"]
[Result "1-0"]
1.e4 e5
2.Ng1f3 Ng8f6
3.Nf3xe5 Bf8e7
4.Ne5f3 O-O
5.Nb1c3 Nb8c6
6.d4 d5
7.e5 Nf6d7
8.Nc3xd5 b6
9.Nd5xe7 Qd8xe7
10.Bf1e2 Bc8b7
11.O-O Ra8d8
12.Bc1d2 f6
13.Be2c4 Kh8
14.e6 Nd7b8
15.d5 Nc6e5
16.Nf3xe5 fxe5
17.Qd1e1 Qe7c5
18.Bc4b3 Bb7xd5
19.Bd2b4 Qc5b5
20.Bb4xf8 Rd8xf8
21.Qe1xe5 c6
22.Bb3xd5 cxd5
23.e7 Rf8e8
24.Rf1e1 Qb5d7
25.Ra1d1 Nb8c6
26.Qe5xd5 Qd7xd5
27.Rd1xd5 h6
28.Rd5d6 { abandon }1-0

[Event "ON THE ROAD AGAIN"]
[Site "www.echecsemail.com"]
[Date "2026.01.03"]
[Round "1"]
[White "Woluwe1975"]
[Black "Legrillon"]
[WhiteElo "1630"]
[BlackElo "1700"]
[Result "1-0"]
1.e4 e5
2.Ng1f3 Ng8f6
3.Bf1c4 d6
4.Qd1e2 h6
5.h3 c6
6.Bc4b3 Nb8d7
7.d4 Qd8c7
8.Nb1c3 Bf8e7
9.dxe5 Nd7xe5
10.O-O O-O
11.Nf3xe5 dxe5
12.g4 Nf6h7
13.f4 exf4
14.Bc1xf4 Qc7b6
15.Bf4e3 Qb6c7
16.Be3f4 Qc7b6
17.Kg2 Be7g5
18.Nc3a4 Qb6a5
19.Bf4d6 Rf8e8
20.e5 Bc8e6
21.Na4c3 b5
22.Qe2f2 Qa5b6
23.Bb3xe6 Qb6xf2
24.Rf1xf2 fxe6
25.Nc3e4 Bg5f4
26.Rf2xf4 a5
27.Ra1f1 b4
28.Ne4c5 a4
29.h4 b3
30.cxb3 axb3
31.axb3 Ra8a2
32.Nc5d3 Ra2a8
33.Nd3c5 Ra8a2
34.Nc5d3 Ra2a8
35.b4 Ra8c8
36.Nd3c5 Rc8a8
37.Rf1f2 Ra8a1
38.Nc5d3 Ra1d1
39.Nd3c5 Rd1c1
40.Rf4f7 Rc1c2
41.Rf7c7 Rc2c4
42.Rc7xc6 Rc4xg4
43.Kh3 Rg4xb4
44.Nc5d3 Rb4b3
45.Rf2d2 Nh7f8
46.Bd6xf8 Re8xf8
47.Rc6xe6 Rf8f3
48.Kg2 Rf3xd3
49.Rd2xd3 Rb3xd3
50.Re6b6 Rd3d8
51.e6 Rd8e8
52.Rb6d6 Re8e7
53.b4 g6
54.b5 Kg7
55.Rd6d7 Kf8
56.Rd7xe7 Kxe7
57.b6 { abandon }1-0

[Event "Coupe Niveau 3"]
[Site "www.echecsemail.com"]
[Date "2026.01.03"]
[Round "1"]
[White "Woluwe1975"]
[Black "Elghribi"]
[WhiteElo "1600"]
[BlackElo "1900"]
[Result "0-1"]
1.d4 Ng8f6
2.Nb1d2 g6
3.c4 Bf8g7
4.Ng1f3 O-O
5.e4 d6
6.h3 Nb8c6
7.d5 Nc6b8
8.Bf1d3 e5
9.Nd2f1 h6
10.Nf1g3 Nf6e8
11.Bc1e3 f5
12.exf5 gxf5
13.Nf3d2 f4
14.Be3xf4 exf4
15.Ng3h5 Bg7xb2
16.Ra1b1 Bb2e5
17.Nd2f3 Ne8f6
18.Nh5xf6 Be5xf6
19.O-O Nb8d7
20.Bd3e4 Nd7e5
21.Nf3xe5 Bf6xe5
22.Be4f3 Qd8g5
23.Kh2 b6
24.Rf1g1 Kh8
25.a4 Bc8f5
26.Rb1b3 Rf8g8
27.Qd1e1 Qg5h4
28.Qe1f1 Be5d4
{ abandon }0-1

[Event "Défi( 10J+24H/c 10J Max )"]
[Site "www.echecsemail.com"]
[Date "2026.01.04"]
[Round "1"]
[White "Hberlioz"]
[Black "Rocinante"]
[WhiteElo "1690"]
[BlackElo "1570"]
[Result "1-0"]
1.d4 d5
2.Ng1f3 Ng8f6
3.Bc1g5 e6
4.Nb1c3 Bf8e7
5.e3 Bc8d7
6.Bf1d3 Nb8c6
7.Qd1d2 O-O
8.O-O-O Nc6b4
9.a3 Nb4xd3
10.Qd2xd3 h6
11.Bg5xh6 Nf6g4
12.Qd3d2 Ng4xh6
13.h4 Nh6f5
14.g4 Nf5xh4
15.Nf3xh4 Be7xh4
16.Qd2d3 f5
17.gxf5 exf5
18.Nc3xd5 Bh4xf2
19.Qd3e2 Bf2h4
20.Qe2h5 g5
21.Rd1g1 Bd7e8
22.Qh5xh4 { abandon }1-0

[Event "Défi"]
[Site "www.echecsemail.com"]
[Date "2026.01.04"]
[Round "1"]
[White "Berjay"]
[Black "Wenoketo"]
[WhiteElo "1700"]
[BlackElo "1670"]
[Result "1-0"]
1.e4 c6
2.Bf1c4 e6
3.e5 d5
4.Bc4b3 Nb8d7
5.d4 Ng8e7
6.Bc1g5 Qd8c7
7.Ng1f3 h6
8.Bg5h4 Ne7g6
9.O-O Ng6xh4
10.Nf3xh4 Bf8e7
11.Nh4f3 O-O
12.Qd1d3 c5
13.c4 dxc4
14.Bb3xc4 cxd4
15.Qd3xd4 Be7c5
16.Qd4e4 g6
17.Qe4f4 Kh7
18.Nb1d2 Bc5e7
19.Bc4d3 Qc7d8
20.h4 Rf8g8
21.Qf4xf7 Kh8
22.Bd3xg6 Rg8g7
23.Qf7f4 Rg7xg6
24.h5 Rg6g7
25.Qf4xh6 Rg7h7
26.Qh6xe6 Rh7xh5
27.Qe6g6 Rh5h7
28.Ra1c1 Qd8g8
29.Qg6e4 Nd7c5
30.Qe4d4 Bc8e6
31.b4 Nc5a6
32.a3 Na6b8
33.Rc1c7 Nb8c6
34.Qd4e4 Ra8b8
35.b5 Nc6d8
36.a4 Rb8c8
37.Rf1c1 Rc8xc7
38.Rc1xc7 a6
39.Kf1 Rh7h1
40.Ke2 Be7a3
41.g3 Rh1h7
42.Rc7xh7 Qg8xh7
43.Qe4d4 Ba3e7
44.Nd2e4 Nd8f7
45.bxa6 bxa6
46.Ne4d2 a5
47.Qd4b6 Nf7d8
48.Nf3d4 Qh7h5
49.Nd2f3 Be6c4
50.Ke3 Be7g5
51.Nf3xg5 Qh5xg5
52.f4 Qg5xg3
53.Nd4f3 Qg3g8
54.Nf3g5 Qg8g7
55.Qb6xd8 { abandon }1-0

[Event "Défi"]
[Site "www.echecsemail.com"]
[Date "2026.01.04"]
[Round "1"]
[White "Chomi64"]
[Black "Arno"]
[WhiteElo "1860"]
[BlackElo "1830"]
[Result "1-0"]
1.d4 Ng8f6
2.Ng1f3 d5
3.Nb1d2 c5
4.e3 Nb8c6
5.b3 Bc8g4
6.Bc1b2 e6
7.Bf1d3 Bf8d6
8.dxc5 Bd6xc5
9.O-O O-O
10.c3 e5
11.Bd3e2 d4
12.exd4 exd4
13.cxd4 Bc5d6
14.Be2c4 Bd6b4
15.Bc4e2 Bb4xd2
16.Qd1xd2 Ra8c8
17.Ra1c1 Nf6e4
18.Qd2f4 Bg4xf3
19.Be2xf3 Ne4d6
20.Bb2a3 Nd6b5
21.Ba3xf8 Qd8xf8
22.Bf3xc6 bxc6
23.Rc1c5 Qf8d8
24.Rf1d1 Nb5d6
25.Rd1c1 h6
26.Rc5xc6 Rc8xc6
27.Rc1xc6 Nd6b5
28.Qf4g4 Nb5xd4
29.Rc6c8 Qd8xc8
30.Qg4xc8 { abandon }1-0

[Event "Défi"]
[Site "www.echecsemail.com"]
[Date "2026.01.04"]
[Round "1"]
[White "Regor"]
[Black "Nicadria22"]
[WhiteElo "1950"]
[BlackElo "1910"]
[Result "1-0"]
1.d4 Ng8f6
2.c4 e6
3.Nb1c3 b6
4.e4 Bf8b4
5.Qd1c2 Bb4xc3
6.bxc3 d6
7.Bf1d3 e5
8.h3 h6
9.Ng1f3 Nb8d7
10.O-O Nd7f8
11.Rf1e1 Nf8g6
12.a4 a5
13.Ra1b1 O-O
14.Bc1a3 Nf6h5
15.dxe5 Rf8e8
16.exd6 cxd6
17.Ba3c1 Nh5f4
18.Bd3f1 Bc8b7
19.Nf3d4 Bb7c8
20.Bc1e3 Bc8b7
21.Be3xf4 Ng6xf4
22.Kh2 Ra8b8
23.g3 Nf4g6
24.Rb1d1 Qd8e7
25.Bf1g2 Ng6e5
26.Nd4f5 Qe7c7
27.Nf5xd6 Re8e6
28.Nd6xb7 Rb8xb7
29.f4 Ne5d7
30.e5 Rb7b8
31.Bg2d5 Re6e7
32.e6 fxe6
33.Bd5xe6 Kh8
34.Be6xd7 Re7xd7
35.Rd1d4 Rb8d8
36.h4 Qc7c6
37.Rd4e4 Rd7d6
38.Re4e2 Kg8
39.Qc2b3 Kf8
40.Qb3b5 Qc6c8
41.Re2e3 Rd6d2
42.Re1e2 Rd2d6
43.Re3e7 Rd6d7
44.Qb5f5 Kg8
45.Qf5f7 { abandon }1-0

[Event "Memorial Lara CIII"]
[Site "www.echecsemail.com"]
[Date "2026.01.04"]
[Round "1"]
[White "Emmanuel"]
[Black "Alain64"]
[WhiteElo "1940"]
[BlackElo "2120"]
[Result "0-1"]
1.e4 c5
2.Nb1c3 Nb8c6
3.Ng1f3 d6
4.d4 cxd4
5.Nf3xd4 Ng8f6
6.Bf1c4 g6
7.O-O Bf8g7
8.Nd4xc6 bxc6
9.Bc4b3 O-O
10.Kh1 e5
11.f4 Qd8b6
12.f5 d5
13.exd5 Bc8xf5
14.h3 cxd5
15.Nc3xd5 Nf6xd5
16.Bb3xd5 Ra8d8
17.c4 e4
18.Qd1e2 Rf8e8
19.a3 Qb6d6
20.Bc1g5 Rd8b8
21.Ra1a2 Rb8b3
22.Rf1d1 Qd6g3
 { temps }0-1

[Event "Tournoi n27357"]
[Site "www.echecsemail.com"]
[Date "2026.01.04"]
[Round "1"]
[White "4x4"]
[Black "Abelito"]
[WhiteElo "1480"]
[BlackElo "1600"]
[Result "0-1"]
1.e4 e5
2.f4 Nb8c6
3.d3 Nc6d4
4.c3 Nd4e6
5.f5 Ne6c5
6.Ng1f3 f6
7.Nb1a3 d5
8.b4 dxe4
9.dxe4 Qd8xd1
10.Kxd1 Nc5d7
11.Bc1b2 g5
12.Bf1c4 Nd7b6
13.Bc4d5 Nb6xd5
14.exd5 Bc8d7
15.Ke2 O-O-O
16.Na3c4 Bd7b5
17.Nf3d2 Rd8xd5
18.Ke3 Ng8h6
19.Rh1d1 Nh6xf5
20.Ke2 Nf5h4
21.a4 Bb5e8
22.Nc4e3 Be8h5
23.Ke1 Rd5d3
24.Nd2f3 Rd3xe3
25.Kf2 Re3e4
26.Rd1d2 g4
27.Nf3xh4 Bf8h6
28.Rd2d3 g3
29.hxg3 Re4e2
30.Kg1 Re2xb2
31.Nh4f5 Bh6f8
32.b5 Bf8c5
33.Kh2 Kb8
34.Kh3 Bh5g6
35.g4 e4
36.Rd3d7 Rb2c2
37.g3 Rc2xc3
38.Ra1d1 Kc8
39.Nf5e7 Bc5xe7
40.Rd7xe7 f5
41.gxf5 Bg6xf5
42.Kh4 Rc3c4
43.g4 Bf5g6
44.a5 b6
45.axb6 axb6
46.Kg5 Rc4c5
47.Kf4 Rc5xb5
48.Rd1c1 Rh8f8
49.Ke3 Rb5b3
50.Kd4 Rf8d8
51.Kc4 Rd8d3
52.g5 Kd8
53.Re7e5 Bg6f7
54.Re5d5 Bf7xd5
0-1

[Event "Défi"]
[Site "www.echecsemail.com"]
[Date "2026.01.04"]
[Round "1"]
[White "Brookhy"]
[Black "Tootsienet"]
[WhiteElo "999"]
[BlackElo "1100"]
[Result "0-1"]
1.e4 e5
2.Ng1f3 d6
3.Nb1c3 h6
4.d3 c6
5.Bf1e2 Ng8f6
6.h3 Bf8e7
7.O-O O-O
8.d4 exd4
9.Qd1xd4 Qd8b6
 { temps }0-1

[Event "Tournoi n27317"]
[Site "www.echecsemail.com"]
[Date "2026.01.04"]
[Round "1"]
[White "Majula"]
[Black "Jeff75019"]
[WhiteElo "1560"]
[BlackElo "1430"]
[Result "1-0"]
1.d4 d5
2.Ng1f3 Nb8c6
3.Bc1f4 Bc8f5
4.c3 e6
5.e3 a6
6.Bf1d3 Bf5g4
7.h3 Bg4h5
8.g4 Bh5g6
9.O-O Bf8e7
10.a3 Ng8f6
11.Rf1e1 O-O
12.g5 Nf6h5
13.h4 Qd8d7
14.Nb1d2 f6
15.Nd2f1 Be7d6
16.Bd3xg6 hxg6
17.Nf1g3 Nh5xf4
18.exf4 Bd6xf4
19.Kg2 Qd7d6
20.Qd1d3 f5
21.Re1h1 Bf4xg3
22.fxg3 f4
23.g4 Nc6a5
24.Qd3xg6 Na5c4
25.h5 Nc4e3
26.Kh3 e5
27.Nf3xe5 Qd6xg6
28.Ne5xg6 Rf8f7
29.h6 f3
30.Kg3 f2
31.h7 1-0

[Event "Défi"]
[Site "www.echecsemail.com"]
[Date "2026.01.04"]
[Round "1"]
[White "Lancov"]
[Black "Den"]
[WhiteElo "1920"]
[BlackElo "1890"]
[Result "1-0"]
1.e4 e5
2.Ng1f3 Ng8f6
3.d4 Nf6xe4
4.dxe5 d5
5.Bf1d3 Bc8f5
6.O-O Bf8e7
7.Nb1d2 O-O
8.Nf3d4 Bf5g6
9.Rf1e1 Be7c5
10.Nd2b3 Bc5b6
11.Bc1e3 c5
12.Bd3xe4 Bg6xe4
13.Nd4f3 d4
14.Be3f4 Be4d5
15.a4 Nb8d7
16.c3 d3
17.Nb3d2 Bb6c7
18.b4 c4
19.Nf3g5 h6
20.Ng5f3 a6
21.Nf3d4 Bc7b6
22.Qd1g4 g6
23.Bf4xh6 Bb6xd4
24.cxd4 Bd5e6
25.Qg4f4 Rf8e8
26.Nd2e4 Be6f5
27.Bh6g5 Qd8b6
28.Ne4f6 { abandon }1-0

[Event "Coupe Niveau 4"]
[Site "www.echecsemail.com"]
[Date "2026.01.04"]
[Round "1"]
[White "Nicodemouscron"]
[Black "Patau"]
[WhiteElo "2120"]
[BlackElo "1710"]
[Result "1-0"]
1.e4 e5
2.Ng1f3 c6
3.Bf1e2 d5
4.exd5 e4
5.Nf3d4 cxd5
6.O-O Ng8f6
7.d3 Bf8c5
8.Nd4b3 Bc5b6
9.Bc1g5 Qd8d6
10.Qd1d2 O-O
11.Nb1c3 exd3
12.Qd2xd3 Nb8c6
13.Bg5xf6 Qd6xf6
14.Qd3xd5 Bc8e6
15.Qd5f3 Nc6d4
16.Nb3xd4 Bb6xd4
17.Nc3e4 Qf6xf3
18.Be2xf3 Bd4xb2
19.Ra1b1 Bb2d4
20.Rb1xb7 Rf8c8
21.Rb7b4 Bd4b6
22.Ne4d6 Rc8xc2
23.Bf3xa8 Rc2xa2
24.Nd6c4 Be6xc4
25.Rb4xc4 { abandon }1-0

[Event "Défi"]
[Site "www.echecsemail.com"]
[Date "2026.01.04"]
[Round "1"]
[White "Jlr"]
[Black "Speedyfil"]
[WhiteElo "1340"]
[BlackElo "1450"]
[Result "1-0"]
1.e4 c6
2.Ng1f3 d5
3.d3 g6
4.h3 Bf8g7
5.e5 Ng8h6
6.g4 f5
7.g5 Nh6f7
8.Bf1g2 Nf7xe5
9.Nf3d4 O-O
10.h4 Bc8d7
11.h5 Ne5g4
12.h6 Bg7xd4
13.Qd1f3 Bd7e6
14.Bc1e3 c5
15.Be3xd4 cxd4
16.Qf3f4 Nb8c6
17.c4 dxc4
18.Bg2xc6 Qd8a5
19.Nb1d2 bxc6
20.dxc4 Be6xc4
21.b3 Bc4a6
22.Qf4xd4 Ra8d8
23.Qd4g7 1-0

[Event "Défi( 10J+24H/c 10J Max )"]
[Site "www.echecsemail.com"]
[Date "2026.01.04"]
[Round "1"]
[White "Geantvert"]
[Black "Tunnellavage"]
[WhiteElo "1870"]
[BlackElo "1770"]
[Result "0-1"]
1.c4 e5
2.Nb1c3 Ng8f6
3.g3 Nb8c6
4.Bf1g2 Bf8c5
5.e3 d6
6.Ng1e2 O-O
7.O-O Bc8f5
8.a3 a6
9.b4 Bc5a7
10.d4 e4
11.c5 d5
12.Ne2f4 Bf5e6
13.Bg2h3 Qd8e7
14.Nc3e2 Qe7e8
15.Nf4xe6 fxe6
16.Ne2f4 Nc6d8
17.f3 g5
18.Nf4e2 Nd8f7
19.fxe4 Nf6xe4
20.Bh3g2 c6
21.Qd1c2 Nf7h6
22.Bg2xe4 Rf8xf1
23.Kxf1 Qe8f7
24.Kg2 dxe4
25.Qc2xe4 Ra8f8
26.Ne2f4 gxf4
27.exf4 Nh6g4
28.Bc1d2 Ba7b8
29.Ra1f1 Ng4f6
30.Qe4d3 Nf6d5
31.Rf1e1 Qf7g7
32.Re1e4 Bb8xf4
33.Bd2xf4 Rf8xf4
34.Re4xe6 Rf4f8
35.Qd3e4 Nd5f4
36.Kh1 Nf4xe6
{ abandon }0-1

[Event "Défi"]
[Site "www.echecsemail.com"]
[Date "2026.01.04"]
[Round "1"]
[White "Largo"]
[Black "Zadkine1"]
[WhiteElo "1270"]
[BlackElo "1199"]
[Result "0-1"]
1.d4 d5
2.e3 c6
3.f4 Ng8f6
4.h4 Bc8f5
5.a4 e6
6.a5 Bf8b4
7.c3 Bb4xa5
8.b4 Ba5c7
9.h5 g6
10.Ng1f3 Nf6xh5
11.Nf3e5 O-O
12.g4 Bf5e4
13.Rh1h2 Nh5g3
14.Bf1h3 Qd8h4
15.Kd2 Be4g2
16.Nb1a3 Bg2xh3
17.Kc2 Ng3e4
18.Kb3 Bc7xe5
19.fxe5 Qh4g3
20.Ra1a2 Bh3xg4
21.Qd1f1 Nb8d7
22.Ra2c2 b5
23.Bc1b2 f6
24.Rh2h6 fxe5
25.Qf1b1 exd4
26.cxd4 Qg3d6
27.Qb1e1 e5
28.Ka2 a5
29.Rh6h4 Bg4f5
30.bxa5 Rf8b8
31.Kb1 b4
32.dxe5 Nd7xe5
33.Kc1 Ne5d3
34.Kd1 Nd3xe1
35.Kxe1 Qd6g3
36.Ke2 Qg3xh4
37.Na3b1 Qh4f2
38.Kd3 Ne4d6
39.e4 Bf5xe4
0-1

[Event "Défi( 10J+24H/c 10J Max )"]
[Site "www.echecsemail.com"]
[Date "2026.01.04"]
[Round "1"]
[White "Hberlioz"]
[Black "Pascalou50"]
[WhiteElo "1680"]
[BlackElo "1790"]
[Result "1-0"]
1.e4 e6
2.d4 d5
3.e5 c5
4.Ng1f3 Nb8c6
5.Bf1b5 Bc8d7
6.O-O Nc6xe5
7.Bb5xd7 Ne5xd7
8.Nb1c3 cxd4
9.Qd1xd4 Ng8f6
10.Bc1g5 Bf8c5
11.Qd4d3 h6
12.Bg5h4 g5
13.Bh4g3 Nf6h5
14.Rf1e1 Nh5xg3
15.hxg3 Qd8b6
16.Re1e2 Qb6c7
17.Nc3xd5 Qc7xg3
18.Ra1d1 Kf8
19.Nd5e3 Bc5xe3
20.Re2xe3 Qg3c7
21.Qd3xd7 Qc7xc2
22.Nf3e5 Rh8h7
23.Re3f3 f5
24.Ne5g6 Kg8
25.Qd7xe6 Rh7f7
26.Rd1d7 Ra8f8
27.Rf3xf5 Qc2c1
28.Kh2 Qc1xb2
29.Rf5xf7 Qb2c3
30.Rf7xf8 1-0

[Event "Coupe Niveau 4"]
[Site "www.echecsemail.com"]
[Date "2026.01.04"]
[Round "1"]
[White "Domenico"]
[Black "Alain64"]
[WhiteElo "1730"]
[BlackElo "2130"]
[Result "0-1"]
1.e4 c5
2.Bf1c4 e6
3.d4 cxd4
4.Qd1xd4 Nb8c6
5.Qd4d1 Ng8f6
6.Nb1c3 Bf8b4
7.Bc1d2 O-O
8.Ng1f3 Bb4xc3
9.Bd2xc3 Nf6xe4
10.O-O Ne4xc3
11.bxc3 d5
12.Bc4b3 h6
13.Qd1e2 Rf8e8
14.Ra1d1 Qd8c7
15.Nf3h4 a5
16.c4 dxc4
17.Bb3xc4 e5
18.Qe2f3 Nc6d4
19.Qf3g3 Qc7xc4
20.Qg3e3 Nd4xc2
21.Qe3g3 Nc2d4
22.Rd1c1 Nd4e2
{ abandon }0-1

[Event "Tournoi n27259"]
[Site "www.echecsemail.com"]
[Date "2026.01.04"]
[Round "1"]
[White "Harvir"]
[Black "Odemevol"]
[WhiteElo "1970"]
[BlackElo "1940"]
[Result "0-1"]
1.d4 d5
2.Ng1f3 e6
3.c4 Ng8f6
4.Nb1c3 c6
5.e3 Nb8d7
6.Bf1d3 dxc4
7.Bd3xc4 Nd7b6
8.Bc4d3 Bf8e7
9.O-O O-O
10.Qd1c2 h6
11.a3 Nb6d5
12.e4 Nd5xc3
13.bxc3 b6
14.e5 Nf6d5
15.c4 Nd5c7
16.Bc1b2 c5
17.Rf1d1 cxd4
18.Nf3xd4 Bc8b7
19.Nd4b5 Nc7xb5
20.cxb5 Qd8c8
21.Qc2b1 Bb7d5
22.Rd1c1 Qc8b7
23.f3 Be7c5
24.Kf1 Bd5xf3
25.gxf3 Qb7xf3
26.Ke1 Bc5f2
27.Kd2 Bf2e3
28.Kc2 Ra8c8
29.Kb3 Be3xc1
30.Bb2xc1 Rf8d8
31.Ra1a2 Rd8xd3
32.Ka4 Rc8c4
33.Qb1b4 Rc4xb4
34.Kxb4 Qf3e4
0-1

[Event "Défi( 10J+24H/c 10J Max )"]
[Site "www.echecsemail.com"]
[Date "2026.01.04"]
[Round "1"]
[White "April"]
[Black "4x4"]
[WhiteElo "1979"]
[BlackElo "1490"]
[Result "1-0"]
1.e4 e5
2.Ng1f3 d6
3.Bf1c4 Bc8e6
4.Bc4xe6 fxe6
5.d3 Nb8d7
6.Bc1g5 Ng8f6
7.Nb1d2 h6
8.Bg5xf6 gxf6
9.Qd1e2 Qd8e7
10.O-O-O O-O-O
11.Nd2b3 b6
12.Nf3h4 f5
13.exf5 Qe7xh4
14.fxe6 Nd7f6
15.d4 Bf8g7
16.dxe5 Nf6g4
17.g3 Qh4g5
18.Kb1 Bg7xe5
19.f4 Be5xf4
20.gxf4 Qg5xf4
21.Rd1d4 Rh8e8
22.Rd4xf4 h5
23.h4 Re8e7
24.Rh1f1 Rd8e8
25.Rf4f8 Kd8
26.Rf8xe8 Kxe8
27.Qe2b5 Kd8
28.Rf1f8 Re7e8
29.Qb5xe8 1-0

[Event "Coupe Niveau 6"]
[Site "www.echecsemail.com"]
[Date "2026.01.04"]
[Round "1"]
[White "Nicodemouscron"]
[Black "Carrighir"]
[WhiteElo "2120"]
[BlackElo "2090"]
[Result "0-1"]
1.e4 c5
2.Ng1f3 d6
3.d4 cxd4
4.Nf3xd4 Ng8f6
5.Nb1c3 g6
6.f3 Bf8g7
7.Bc1e3 Nb8c6
8.Qd1d2 Bc8d7
9.O-O-O Ra8c8
10.g4 Nc6e5
11.g5 Nf6h5
12.f4 Ne5c4
13.Bf1xc4 Rc8xc4
14.Nc3e2 O-O
15.Ne2g3 Bg7xd4
16.Be3xd4 Bd7g4
17.Rd1f1 Qd8c7
18.c3 Rf8c8
19.Kb1 b5
20.Qd2e3 a5
21.Bd4b6 Qc7c6
22.Bb6xa5 Rc4a4
23.Ba5b4 Bg4e6
24.b3 Ra4xb4
25.cxb4 Qc6c2
26.Ka1 Rc8a8
{ abandon }0-1

[Event "Tetraktus 102"]
[Site "www.echecsemail.com"]
[Date "2026.01.04"]
[Round "1"]
[White "Pgo"]
[Black "Karkaskat"]
[WhiteElo "1700"]
[BlackElo "2120"]
[Result "1/2-1/2"]
1.e4 c5
2.Ng1f3 d6
3.Bf1b5 Bc8d7
4.Nb1c3 Nb8c6
5.O-O Ng8f6
6.d3 g6
7.Rf1e1 Bf8g7
8.a3 O-O
9.Bc1g5 h6
10.Bg5xf6 Bg7xf6
11.h3 a6
12.Bb5a4 b5
13.Ba4b3 Nc6d4
14.Bb3a2 Qd8c8
15.Nc3d5 Nd4xf3
16.Qd1xf3 Qc8d8
17.Ra1b1 Bf6g7
18.c4 Ra8b8
19.b3 e6
20.Nd5e3 Bd7c6
21.Ne3g4 f5
22.Ng4e3 fxe4
23.Qf3e2 exd3
24.Qe2xd3 Bc6e8
25.Rb1d1 Bg7d4
26.Ne3g4 e5
27.Ng4xh6 Kg7
28.Qd3d2 Rf8h8
29.Nh6g4 Be8d7
30.Ba2b1 Bd7f5
31.Bb1xf5 gxf5
32.Ng4h2 Qd8f6
33.Nh2f3 Rh8h5
34.Nf3xd4 cxd4
35.Qd2e2 Qf6g5
36.f4 Qg5g6
37.fxe5 Rh5xh3
38.Rd1xd4 Rb8h8
39.exd6 Rh3h1
40.Kf2 Rh1xe1
41.Qe2xe1 Rh8e8
42.Qe1c3 Kf7
43.Rd4d5 Qg6e6
44.Qc3d2 bxc4
45.bxc4 Qe6f6
46.a4 Qf6h4
47.Kf3 Qh4g4
48.Kf2 Qg4h4
49.Kf1 Qh4h1
50.Kf2 Qh1h4
51.Kf1 1/2-1/2

[Event "TRISTAN DA CUNHA"]
[Site "www.echecsemail.com"]
[Date "2026.01.04"]
[Round "1"]
[White "Intrigue"]
[Black "Casisimed"]
[WhiteElo "1750"]
[BlackElo "1640"]
[Result "0-1"]
1.e4 e5
2.Ng1f3 Nb8c6
3.Nb1c3 Ng8f6
4.Bf1c4 Bf8c5
5.O-O O-O
6.a3 d6
7.b4 Bc5d4
8.Bc1b2 Bc8g4
9.h3 Bg4h5
10.d3 Bh5xf3
11.Qd1xf3 Bd4xc3
12.Bb2xc3 Nc6d4
13.Qf3d1 b5
14.f4 bxc4
15.fxe5 dxe5
16.Bc3xd4 Qd8xd4
17.Kh1 cxd3
18.Qd1xd3 Nf6xe4
19.Qd3xd4 exd4
20.c4 Ne4g3
{ abandon }0-1

[Event "Coupe Niveau 3"]
[Site "www.echecsemail.com"]
[Date "2026.01.04"]
[Round "1"]
[White "Verson"]
[Black "Senegaulois"]
[WhiteElo "1820"]
[BlackElo "1920"]
[Result "0-1"]
1.d4 Ng8f6
2.Ng1f3 g6
3.Bc1f4 Bf8g7
4.e3 d6
5.Bf1d3 O-O
6.O-O a5
7.e4 Nb8a6
8.c3 Bc8g4
9.Nb1d2 c5
10.h3 Bg4d7
11.Rf1e1 b5
12.e5 Nf6e8
13.Qd1e2 c4
14.Bd3c2 d5
15.Nd2f1 Na6c7
16.Qe2e3 Bd7c6
17.Bf4h6 Nc7e6
18.Bh6xg7 Kxg7
19.Kh2 Ne8c7
20.Nf3g5 b4
21.Qe3g3 Ra8b8
22.Qg3h4 h6
23.Ng5f3 g5
24.Qh4g4 Bc6d7
25.Nf1g3 Ne6f4
26.Ng3h5 Kh8
27.e6 Bd7xe6
28.Bc2f5 Be6xf5
29.Qg4xf5 Nf4xh5
30.Nf3e5 Qd8e8
31.Ne5g4 f6
32.Ng4xh6 Nh5g7
33.Qf5f3 e6
34.Nh6g4 Qe8g6
35.Ng4e3 Ng7h5
36.g3 Kg7
37.Re1e2 Rf8h8
38.Ra1e1 Rh8h7
39.Re1h1 Rb8h8
40.Kg2 f5
41.Re2e1 f4
42.Ne3g4 bxc3
43.bxc3 Rh8f8
44.Ng4e5 Qg6e8
45.Qf3g4 Rf8f5
46.h4 Nh5f6
47.Qg4e2 g4
48.gxf4 Rf5xf4
49.Qe2d2 Rf4f5
50.Re1e3 Qe8h5
51.Qd2e2 Nc7e8
52.Re3g3 Kh8
53.Ne5xg4 Rh7g7
54.f3 Qh5f7
55.Ng4h6 Rg7xg3
56.Kxg3 Nf6h5
57.Kf2 Qf7g6
58.Nh6g4 Qg6xg4
59.Ke3 Qg4f4
60.Kf2 Qf4g3
{ abandon }0-1

[Event "Coupe Niveau 3"]
[Site "www.echecsemail.com"]
[Date "2026.01.04"]
[Round "1"]
[White "Verson"]
[Black "Patau"]
[WhiteElo "1900"]
[BlackElo "1690"]
[Result "0-1"]
1.d4 f5
2.Ng1f3 g6
3.e3 Bf8g7
4.Bf1d3 Ng8f6
5.Nb1d2 O-O
6.O-O d5
7.c4 c6
8.b3 Bc8e6
9.Bc1b2 Nb8d7
10.Nf3e5 Nd7xe5
11.Bd3e2 Ne5d7
12.Nd2f3 Nf6e4
13.Ra1c1 dxc4
14.bxc4 Be6f7
15.Be2d3 Nd7b6
16.Qd1c2 e5
17.dxe5 Rf8e8
18.Bd3xe4 fxe4
19.Qc2xe4 Qd8d7
20.Rf1d1 Qd7f5
21.Qe4xf5 gxf5
22.c5 Nb6d5
23.Bb2d4 h6
24.Rd1e1 Nd5b4
25.Re1e2 Bf7d5
26.a3 Nb4d3
27.Rc1b1 Ra8b8
28.Rb1d1 Bd5e4
29.Nf3d2 Nd3xe5
30.Nd2xe4 fxe4
31.Bd4b2 Ne5d3
32.Bb2xg7 Kxg7
33.f3 Nd3xc5
34.fxe4 Re8xe4
35.Re2c2 b6
36.Rc2e2 Rb8e8
37.Kf2 Re8f8
38.Kg1 Rf8f6
39.Rd1f1 Rf6xf1
40.Kxf1 Nc5d3
41.g3 c5
42.Kg2 c4
43.Kf3 Re4e5
44.e4 c3
45.Ke3 Nd3c5
46.Kd4 Re5xe4
{ abandon }0-1

[Event "Tournoi n27252"]
[Site "www.echecsemail.com"]
[Date "2026.01.04"]
[Round "1"]
[White "Nbelnico"]
[Black "Lancien57"]
[WhiteElo "1760"]
[BlackElo "1470"]
[Result "1-0"]
1.e4 e5
2.Ng1f3 d6
3.h3 Bf8e7
4.Bf1c4 h6
5.O-O Ng8f6
6.d3 Bc8d7
7.Nb1c3 Nb8c6
8.d4 exd4
9.Nf3xd4 a6
10.a3 O-O
11.Qd1d3 Nc6xd4
12.Qd3xd4 c5
13.Qd4e3 b5
14.Bc4a2 b4
15.axb4 cxb4
16.Nc3e2 Bd7b5
17.c4 Bb5c6
18.Ba2b1 Rf8e8
19.f3 a5
20.b3 a4
21.bxa4 Bc6xa4
22.Qe3d3 b3
23.Bc1b2 Qd8b6
24.Bb2d4 Qb6c6
25.Ne2c3 Nf6h5
26.e5 g6
27.exd6 Be7xd6
28.Nc3d5 Bd6e5
29.Bd4xe5 Re8xe5
30.Qd3d4 Ra8e8
31.f4 Nh5xf4
32.Qd4xf4 Qc6c5
33.Kh1 Kg7
34.Qf4xf7 Kh8
35.Qf7xg6 Re5e6
36.Qg6h7 1-0

[Event "Eq:Les Gens du Sud-O fou d hello :"]
[Site "www.echecsemail.com"]
[Date "2026.01.04"]
[Round "1"]
[White "Emmanuel69"]
[Black "Ragg"]
[WhiteElo "1780"]
[BlackElo "1580"]
[Result "1-0"]
1.c4 g6
2.d4 d6
3.Nb1c3 Bf8g7
4.e4 Ng8f6
5.h3 h6
6.Ng1f3 g5
7.Bf1e2 g4
8.hxg4 Nf6xg4
9.Nf3h2 Ng4xh2
10.Rh1xh2 e5
11.d5 c6
12.Bc1e3 c5
13.Qd1d2 f5
14.exf5 Bc8xf5
15.O-O-O e4
16.Rh2h5 Bf5g6
17.Rh5h1 a6
18.Be3xh6 Bg7xh6
19.Rh1xh6 Rh8xh6
20.Qd2xh6 Kd7
21.Qh6xg6 Kc8
22.Be2g4 Nb8d7
23.Qg6e6 Kc7
24.Nc3xe4 Nd7e5
25.b3 b5
26.cxb5 axb5
27.Kb1 c4
28.Kb2 Ne5d3
29.Kb1 Nd3b4
30.Rd1d2 c3
31.Ne4xc3 Nb4a6
32.Nc3xb5 Kb6
33.Nb5xd6 Qd8c7
34.Rd2c2 Qc7b8
35.Rc2c6 Ka5
36.Nd6c4 Kb4
37.Rc6b6 Qb8xb6
38.Qe6xb6 Kc3
39.Qb6a5 Kd4
40.Qa5d2 Kc5
41.a3 Na6c7
42.d6 Nc7a6
43.Qd2e3 Kc6
44.Bg4f3 Kd7
45.Bf3xa8 Na6c5
46.Qe3xc5 Ke8
47.Qc5c7 Kf8
48.Nc4e5 Ke8
49.Qc7f7 Kd8
50.Qf7d7 1-0